Quizzes
Events
Quiz Creation
Community
Videos
Private Events
Remove Ads
Sign In
Join for FREE
Feedback
Dark Mode
Quiz Categories
Sports
Geography
Music
Movies
Television
Just For Fun
Miscellaneous
History
Literature
Language
Science
Gaming
Entertainment
Religion
Holiday
For Kids
Quiz Lab
Recent
Popular Today
Quiz Kudos Today
Editor Picks
Curator Picks
Quizzes by...
Day
Popularity
Type
Ratings
Length
Year
Community
Subscriptions
Recent Discussions
Orange Saloon
Badges
Playlists
Quests
Create
Leaderboards
Showdown
Live 5
Trivia Bingo
Activity
Puzzle Library
Sporcle Events
Private Events
Virtual Trivia
Globe League
Become a Host
Pub Owners
SporcleCon
Opinionation
Our Games
Videos
Blog
Mobile Apps
Partnerships
Remove Ads and Go Orange
Feedback
Sports
Athletes
MLB
NBA
NHL
NFL
Soccer
Sports Teams
WWE
NCAA
Football
Premier League
Basketball
Baseball
Hockey
Golf
Tennis
Cricket
Rugby
Auto Racing
Olympics
World Cup
Sports
Athletes
MLB
NBA
NHL
NFL
Soccer
Sports Teams
WWE
NCAA
Football
Premier League
Basketball
Baseball
Hockey
Golf
Tennis
Cricket
Rugby
Auto Racing
Olympics
World Cup
Random Quiz
Search Sporcle
×
Quiz Lab
Quiz Lab
Sports
Player
Type in answers that appear in a list
Type in answers that appear in a list
Classic
Best Score? Go Orange.
Top 15 All Time NL East Home Run Leader Stats
Can you name the Top 15 All Time NL East Home Run Leader?
By
Rangus
5m
15 Questions
389 Plays
389 Plays
389 Plays
Comments
Comments
Give Quiz Kudos
Give Quiz Kudos
-
- Ratings
hide this ad
Replay
Link that replays current quiz
Next Quiz
Link to next quiz in quiz playlist
You Got
0%
They Got
Avg Score
63%
Avg Friend Score
Upgrade to see
Score Distribution
Jump to the score distribution portion of the page
Score
0/15
Timer
05:00
0
Plays Today
Team of player (active player)
Name
% Correct
Atlanta Braves
Hank Aaron
99.5%
Atlanta Braves*
Chipper Jones
99.2%
Atlanta Braves*
Andruw Jones
99.2%
Philadelphia Phillies*
Ryan Howard
97.2%
Philadelphia Phillies
Mike Schmidt
96.4%
Washington Nationals (Montreal Expos)*
Vladimir Guerrero
79.7%
Atlanta Braves
Dale Murphy
70.4%
New York Mets
Darryl Strawberry
66.6%
Team of player (active player)
Name
% Correct
Atlanta Braves
Eddie Mathews
58.6%
Philadelphia Phillies*
Pat Burrell
55.5%
Washington Nationals (Montreal Expos)
Andre Dawson
53.2%
Philadelphia Phillies
Greg Luzinski
33.7%
Philadelphia Phillies
Chuck Klein
22.6%
Philadelphia Phillies
Del Ennis
13.6%
Atlanta Braves
Joe Adcock
9.5%
Quiz Playlist
Details
Report
Send in Message
Add To Playlist
Classic:
Type in answers that appear in a list
Last Updated: Feb 16, 2017
Quiz Scoreboard
CHALLENGE
Sign Up to Join the Scoreboard
Show All
Scores
Hide
Comments
May contain spoilers
Recently Published
NBA Finals Game Top Scorers (2010s)
by flibbidy
Sports
5m
Guess the 'R' Things in 3 Words
by MSUKent
Miscellaneous
3m
Actor to Badly Drawn Movie III
by MoMosMoProblems
Movies
5m
More to Explore
Quiz From the Vault
Featured Blog Post
Where Does Lost Luggage Go?
hide this ad
You Might Also Like...
Tags
Active
All Time
east
home
NL East
Player
run
team
Top 15
Today's Top Quizzes in Sports
Browse Sports
hide this ad
Today's Top Quizzes in Player
Browse Player
Top Contributed Quizzes in Sports
1
Les joueurs à 100 buts en Ligue 1 Uber Eats
2
2022 World Cup Stars
3
2024 March Madness Bracket
4
Millionaire: NBA Finals Edition
5
Players with Multiple 50 Home Run Seasons
6
Nickname Match: Athletes VI
7
Criteria MLB: Left Handed Sluggers
8
Iconic Moments in Football - Multiple Choice
9
NFL MVPs ordered
10
First NBA MVP by Team
Explore More
Trending Topics
Crossword
Kpop
Harry Potter
Anime
Disney
Marvel
NBA
Country
Puzzle
WWE
NFL
Pokémon
The Office
Soccer
Song
hide this ad
More By:
Rangus
Quiz
Plays
Rating
Category
Featured
Created
Team Jordan Athletes
612
1.57
Sports
Apr 8, 2010
Top 15 All Time NL East Home Run Leader
389
3.00
Sports
Apr 7, 2010
NL Central Top 15 Home Run Leaders
369
2.50
Sports
Apr 20, 2010
Largest MLB Stadiums
226
3.00
Sports
Apr 20, 2010
MLB Stadiums by Address
203
3.40
Sports
Apr 23, 2010
Go to Creator's Profile
Score Distribution
Quiz Creator Spotlight
Rangus
Follow
Send a Message
Quizzes Created
-
Created Quiz Play Count
-
More By This Creator
Popular Quizzes Today
1
Find the US States - No Outlines Minefield
2
Find the US States
3
The Countries of the World
4
10 Largest US States in Order
5
Find the Countries of Europe - No Outlines Minefield
6
US States
7
Guess the 'R' Things in 3 Words
8
NBA Finals Game Top Scorers (2010s)
More Sports Quizzes
Last Ten: Middlesbrough Managers in Order
Quiz Lab
Trending Quizzes
First Name TV: Leading Men
Match the Book to the Film II
First Name TV: Leading Women Drama
3-Word Movies in 1 Word II
Match the Book to the Film VI
Recently Updated
Women's Final Four Teams by Year
bhenderson79
Presidents Quartet II
eogle
Anything But Clue(do)
eogle
Anything But Oceanian Capitals
eogle
Anything But 7
eogle
Anything But Thing
eogle
Word Ladder: February 29
pecheneg
Song Title Questions
pecheneg
Women's NCAA Tournament #1 Seeds
pecheneg
Celebrity Mug Shots
pecheneg
Trending Topics
Marvel
Kpop
Anime
Disney
Crossword
Harry Potter
NBA
The Office
Song
Soccer
Pokémon
NFL
WWE
Puzzle
Country
Your Account Isn't Verified!
In order to create a playlist on Sporcle, you need to verify the email address you used during registration. Go to your
Sporcle Settings
to finish the process.
Report this User
Report this user for behavior that violates our
Community Guidelines
.
Details:
Send Report
Go to the Sporcle.com Mobile Site →
Comments